Представление документа в формате RUSMARC

ПолеНазваниеЗначение
  Тип записи a
  Библиографический уровень m
001 Контрольный номер RU/SLIB/B/208738581
005 Дата корректировки 20260122112122.1
010 Индекс ISBN __
d Цена 2330-00
100 Данные общей обработки __
a Данные общей обработки 20260122d1994 m y0rusy028902 ca
101 Язык документа 0_
a Язык текста rus
102 Страна публикации __
a Страна публикации RU
105 Кодированные данные (монография) __
a Кодированные данные (монография) a z 000yy
181 Поле кодированных данных: вид содержания _0
a Код вида содержания (ISBD) i
182 Поле кодированных данных: тип средства _0
a Код типа средства (ISBD) n
200 Заглавие и сведения об ответственности 0_
a Заглавие Художественные изделия из кожи: руководство по рукоделию
f Первые сведения об ответственности Ананина Т. В.
203 Вид содержания и тип средства __
a Вид содержания Текст
c Тип средства непосредственный
210 Выходные данные 1_
a Место издания Москва
c Издательство Изд-во РУДН
d Дата издания 1994
215 Физическое описание __
a Объем 128 с.
c Иллюстрации/тип воспроизводства ил.
606 Тематические рубрики __
a Основная рубрика Легкая промышленность
2 Код системы nlr_sh
606 Тематические рубрики __
a Основная рубрика Производство изделий из кожи и ее заменителей
2 Код системы nlr_sh
606 Тематические рубрики __
a Основная рубрика Изобразительное искусство и архитектура
2 Код системы nlr_sh
606 Тематические рубрики __
a Основная рубрика Декоративно-прикладное искусство в целом
2 Код системы nlr_sh
610 Ключевые слова 0_
a Ключевые слова кожи; галантерея; рукоделие; художественные изделия; кожаные изделия; кожаные аксессуары; кожаные украшения
686 Индексы других классификаций __
a Классификационный индекс 37.256
2 Код системы rubbks
686 Индексы других классификаций __
a Классификационный индекс 85.12; ст37.2 + ст85.12
2 Код системы rubbks
700 Автор _1
a Фамилия Ананина
b Имя Т. В.
4 Код отношения 070
g Полное личное имя Татьяна Викторовна
801 Источник записи _0
a Страна RU
b Организация Муниципальное бюджетное учреждение культуры "Централизованная библиотечная система" г. Сургут (Центральная городская библиотека им. А. С. Пушкина)
g Правила каталогизации PSBO
c Дата составления 19980710
801 Источник записи _1
a Страна RU
b Организация Муниципальное бюджетное учреждение культуры "Централизованная библиотечная система" г. Сургут (Центральная городская библиотека им. А. С. Пушкина)
g Правила каталогизации PSBO
c Дата составления 19980710
852 Данные о местонахождении __
j Шифр хранения 37.256
c Каталожный индекс 37.256; 85.12
i Авторский знак А 64
p Инвентарный номер 52655
901 Тип документа __
t Тип документа m
a Ответственный КиК/Лебедева
901 Тип документа __
a Ответственный СКБР2026
903 Характеристики (МАРС) __
a Дата передачи 19980710
c Наименование библиотеки (МАРС) Муниципальное бюджетное учреждение культуры "Централизованная библиотечная система" г. Сургут (Центральная городская библиотека им. А. С. Пушкина)
990 Данные о заказе (DOS) __
j Количество экземпляров (DOS) 4
t N записи в КСУ для И/У (DOS) 199501